[Event "Titled Tue 10th Jun Early"]
[Site "chess.com INT"]
[Date "2025.06.10"]
[Round "5"]
[White "Nakhbayeva, Guliskhan"]
[Black "Buyankhishig, Batpelden"]
[Result "1-0"]
[WhiteTitle "IM"]
[BlackTitle "WFM"]
[WhiteElo "2326"]
[BlackElo "2015"]
[WhiteFideId "13704788"]
[BlackFideId "4923537"]
[EventDate "2025.06.10"]

1. c4 e5 2. g3 Nc6 3. Bg2 Nf6 4. Nc3 Bb4 5. Nf3 O-O 6. O-O Re8 7. Qb3 a5 8. a3
Bxc3 9. Qxc3 d5 10. cxd5 Nxd5 11. Qc2 e4 12. Ne1 Bf5 13. e3 a4 14. b4 axb3 15.
Qxb3 Nb6 16. Bb2 Qxd2 17. Rd1 Qa5 18. Nc2 Be6 19. Qc3 Qxc3 20. Bxc3 Bc4 21. Rfe1
Bd3 22. Rc1 Nc4 23. Nb4 Nxb4 24. axb4 Ra2 25. Bf1 b5 26. Red1 Bxf1 27. Kxf1 Raa8
28. Rd7 c6 29. Rcd1 Nb6 30. Rb7 Nd5 31. Be1 Reb8 32. Rxb8+ Rxb8 33. Ra1 f6 34.
Ra6 Rb6 35. Ra7 h5 36. Ke2 Kh7 37. f3 exf3+ 38. Kxf3 Kg6 39. e4 Nxb4 40. Bxb4
Rb8 41. Rc7 Rb6 42. Ke3 Ra6 43. Kd4 Ra4 44. Kc3 Ra2 45. h4 Rg2 46. Bd6 Re2 47.
Kd3 Rb2 48. Rxc6 Rb1 49. Rb6 Rd1+ 50. Ke2 Rb1 51. Bf4 b4 52. Bd2 b3 53. Bc3 Rg1
54. Kf2 Rb1 55. e5 Kf5 56. exf6 gxf6 57. Bxf6 Ke4 58. Bh8 Kd3 59. Rd6+ Ke4 60.
Rb6 Kd3 61. Kf3 Rf1+ 62. Kg2 Rb1 63. Rb5 Kc4 64. Rxh5 b2 65. Bxb2 Rxb2+ 66. Kh3
Kd4 67. Rf5 Ke4 68. Rf8 Ke5 69. h5 Rb6 70. Kh4 Rb4+ 71. g4 Rb1 72. h6 Rh1+ 73.
Kg5 Rg1 74. Kh5 Rh1+ 75. Kg6 Rg1 76. g5 Rh1 77. h7 Rh2 78. h8=Q+ Rxh8 79. Rxh8 1-0

[Event "Titled Tue 10th Jun Early"]
[Site "chess.com INT"]
[Date "2025.06.10"]
[Round "6"]
[White "Lacasa Diaz, Josep Anton"]
[Black "Moro Saidon, Gonzalo"]
[Result "1-0"]
[WhiteTitle "IM"]
[WhiteElo "2315"]
[BlackElo "2114"]
[WhiteFideId "2203375"]
[BlackFideId "140082"]
[EventDate "2025.06.10"]

1. e4 e5 2. Nf3 Nc6 3. Bb5 g6 4. d4 exd4 5. Bg5 Be7 6. Bxe7 Qxe7 7. Bxc6 dxc6 8.
Qxd4 Nf6 9. O-O O-O 10. Nbd2 Bg4 11. e5 Nd5 12. Qxg4 1-0

[Event "Titled Tue 10th Jun Early"]
[Site "chess.com INT"]
[Date "2025.06.10"]
[Round "6"]
[White "Subervi, Jonathan Sigfredo"]
[Black "Gomez Falagan, Daniel"]
[Result "0-1"]
[WhiteTitle "FM"]
[BlackTitle "FM"]
[WhiteElo "2059"]
[BlackElo "2271"]
[WhiteFideId "6400345"]
[BlackFideId "54509947"]
[EventDate "2025.06.10"]

1. e4 b6 2. d4 Bb7 3. Bd3 e6 4. Nf3 Nf6 5. Qe2 d5 6. e5 Nfd7 7. O-O c5 8. c3 Be7
9. Nbd2 Qc8 10. Re1 Ba6 11. Nf1 O-O 12. Ng3 Bxd3 13. Qxd3 Nc6 14. Bd2 c4 15. Qe3
b5 16. Nh5 Kh8 17. Nxg7 Kxg7 18. Qh6+ Kh8 19. Bg5 Rg8 20. Bxe7 Nxe7 21. Qf6+
Nxf6 0-1

[Event "Titled Tue 10th Jun Early"]
[Site "chess.com INT"]
[Date "2025.06.10"]
[Round "6"]
[White "Terlouw, Wouter"]
[Black "Akkara, Omer"]
[Result "0-1"]
[WhiteTitle "CM"]
[BlackTitle "CM"]
[WhiteElo "2196"]
[BlackElo "2036"]
[WhiteFideId "1087401"]
[BlackFideId "26319802"]
[EventDate "2025.06.10"]

1. Nc3 Nf6 2. Nf3 d5 3. e4 dxe4 4. Ng5 Bf5 5. Bc4 e6 6. Qe2 Nbd7 7. Ngxe4 Nxe4
8. Nxe4 Be7 9. d3 h6 10. Bd2 c6 11. Bc3 Nf6 12. Nxf6+ Bxf6 13. Bxf6 Qxf6 14.
O-O-O a5 15. a4 O-O 16. Kb1 b5 17. axb5 cxb5 18. Bxb5 Rfb8 19. Ba4 Qxb2# 0-1

[Event "Titled Tue 10th Jun Early"]
[Site "chess.com INT"]
[Date "2025.06.10"]
[Round "6"]
[White "Santos, Antonio P"]
[Black "Yildiz, Egehan"]
[Result "0-1"]
[WhiteTitle "FM"]
[BlackTitle "FM"]
[WhiteElo "2165"]
[BlackElo "2198"]
[WhiteFideId "1900161"]
[BlackFideId "44518072"]
[EventDate "2025.06.10"]

1. d4 Nf6 2. c4 e6 3. g3 d5 4. Bg2 Be7 5. Nf3 O-O 6. O-O c6 7. Qc2 dxc4 8. Qxc4
b5 9. Qc2 Qb6 10. Rd1 Bb7 11. Nc3 Nbd7 12. Bf4 Rac8 13. Rac1 c5 14. dxc5 Nxc5
15. Qb1 b4 0-1

[Event "Titled Tue 10th Jun Early"]
[Site "chess.com INT"]
[Date "2025.06.10"]
[Round "6"]
[White "Kucza, Karol"]
[Black "Figuero Toro, Julian Francisco"]
[Result "1-0"]
[WhiteTitle "FM"]
[BlackTitle "FM"]
[WhiteElo "2316"]
[BlackElo "2182"]
[WhiteFideId "1159755"]
[BlackFideId "2210347"]
[EventDate "2025.06.10"]

1. Nf3 g6 2. e4 Bg7 3. d4 d6 4. h3 Nf6 5. Bd3 O-O 6. O-O c5 7. c3 Nc6 8. d5 Nb8
9. c4 e6 10. Nc3 exd5 11. exd5 a6 12. Bg5 h6 13. Bf4 Qc7 14. Qd2 Kh7 15. Rfe1
Nbd7 16. Re7 Qb6 17. Rae1 Qc7 18. Bxg6+ fxg6 19. Bxh6 Rg8 20. Bxg7 Rxg7 21. Ng5+
Kg8 22. Rxg7+ Kxg7 23. Ne6+ 1-0

[Event "Titled Tue 10th Jun Early"]
[Site "chess.com INT"]
[Date "2025.06.10"]
[Round "6"]
[White "Arkell, Keith C"]
[Black "Tristan, Leonardo"]
[Result "0-1"]
[WhiteTitle "GM"]
[BlackTitle "GM"]
[WhiteElo "2343"]
[BlackElo "2536"]
[WhiteFideId "400270"]
[BlackFideId "113816"]
[EventDate "2025.06.10"]

1. d4 d5 2. Nf3 Nf6 3. c4 e6 4. cxd5 exd5 5. Nc3 a6 6. Qc2 Be6 7. Bg5 Nbd7 8. e3
Bd6 9. Bd3 c6 10. O-O Qc7 11. Rac1 h6 12. Bh4 O-O 13. Rfe1 Rfc8 14. a3 b6 15. b4
a5 16. Bxf6 Nxf6 17. Qb3 axb4 18. axb4 Qe7 19. b5 c5 20. Qb1 Ra3 21. Ne2 c4 22.
Bf5 Rca8 23. Bxe6 fxe6 24. Qg6 Qf7 25. Qxf7+ Kxf7 26. Ne5+ Bxe5 27. dxe5 Nd7 28.
e4 Nxe5 29. exd5 Nd3 30. dxe6+ Ke7 31. Nd4 Nxe1 32. Rxe1 Ra1 33. Nf5+ Kf6 0-1

[Event "Titled Tue 10th Jun Early"]
[Site "chess.com INT"]
[Date "2025.06.10"]
[Round "6"]
[White "Karvatskyi, Oleksii"]
[Black "Lopez Del Alamo, Antonio"]
[Result "0-1"]
[WhiteTitle "CM"]
[BlackTitle "FM"]
[WhiteElo "2258"]
[BlackElo "2166"]
[WhiteFideId "14191059"]
[BlackFideId "2227339"]
[EventDate "2025.06.10"]

1. Nc3 g6 2. h4 h5 3. d4 d6 4. e4 Bg7 5. Nf3 a6 6. Be3 b5 7. Qd2 Bb7 8. e5 Bxf3
9. gxf3 dxe5 10. d5 Nf6 11. O-O-O Nbd7 12. Ne4 O-O 13. Bh6 Nb6 14. Rg1 Qxd5 15.
Nxf6+ exf6 16. Qe3 Qxa2 17. Bxg7 Qa1+ 18. Kd2 Rfd8+ 19. Bd3 0-1

[Event "Titled Tue 10th Jun Early"]
[Site "chess.com INT"]
[Date "2025.06.10"]
[Round "6"]
[White "Moinzai, Khushal"]
[Black "Sayce, Hannah"]
[Result "1-0"]
[WhiteTitle "FM"]
[BlackTitle "WCM"]
[WhiteElo "1894"]
[BlackElo "1877"]
[WhiteFideId "11701200"]
[BlackFideId "3250695"]
[EventDate "2025.06.10"]

1. e4 c5 2. Nc3 d6 3. Bc4 Nf6 4. f4 a6 5. a4 Nc6 6. Nf3 e6 7. e5 dxe5 8. fxe5
Nd5 9. O-O h6 10. d3 Nd4 11. Nxd4 cxd4 12. Qf3 Qc7 13. Nxd5 exd5 14. Bxd5 Be6
15. Bxe6 fxe6 16. Qh5+ Kd8 17. Bg5+ Be7 18. Rf7 Re8 19. Bxe7+ Rxe7 20. Rf8+ 1-0

[Event "Titled Tue 10th Jun Early"]
[Site "chess.com INT"]
[Date "2025.06.10"]
[Round "6"]
[White "Horobetz, Graham"]
[Black "Paravyan, David"]
[Result "1/2-1/2"]
[BlackTitle "GM"]
[WhiteElo "2250"]
[BlackElo "2589"]
[WhiteFideId "2047322"]
[BlackFideId "4194985"]
[EventDate "2025.06.10"]

1. e4 e5 2. Nf3 Nf6 3. d4 Nxe4 4. Bd3 d5 5. Nxe5 Nd7 6. Nxd7 Bxd7 7. O-O Bd6 8.
c4 O-O 9. Nc3 Nxc3 10. bxc3 dxc4 11. Bxc4 Qh4 12. g3 Qh3 13. Bd5 Bg4 14. Qb3
Rab8 15. Ba3 Bxa3 16. Qxa3 Qh5 17. Bg2 Bf3 18. Qxa7 Bxg2 19. Kxg2 Qd5+ 20. Kg1
Ra8 21. Qc5 Qxc5 22. dxc5 Rfd8 23. Rfb1 Ra7 24. Rb4 c6 25. a4 g6 26. Rab1 Rd5
27. Rc4 Kf8 28. Re1 Ra5 29. Rb1 Rdxc5 30. Rxc5 Rxc5 31. Rxb7 Rxc3 32. a5 Ra3 33.
Rc7 Rxa5 34. Rxc6 Kg7 35. Kg2 1/2-1/2

[Event "Titled Tue 10th Jun Early"]
[Site "chess.com INT"]
[Date "2025.06.10"]
[Round "6"]
[White "Ruperez Benito, Antonio"]
[Black "Gu, Xiaobing"]
[Result "1-0"]
[WhiteTitle "FM"]
[BlackTitle "WGM"]
[WhiteElo "2328"]
[BlackElo "2148"]
[WhiteFideId "22245049"]
[BlackFideId "8602611"]
[EventDate "2025.06.10"]

1. e4 c5 2. Nf3 d6 3. Bb5+ Nc6 4. O-O Bd7 5. c3 f5 6. exf5 Bxf5 7. d4 cxd4 8.
cxd4 a6 9. Bd3 Bg4 10. d5 Ne5 11. Be2 Bxf3 12. Bxf3 Nf6 13. Nc3 g6 14. Bf4 Bg7
15. Bxe5 dxe5 16. Re1 Qd6 17. Qb3 O-O 18. Rac1 b5 19. Ne4 Nxe4 20. Bxe4 Qb6 21.
d6+ Kh8 22. Bxa8 Rxf2 1-0

[Event "Titled Tue 10th Jun Early"]
[Site "chess.com INT"]
[Date "2025.06.10"]
[Round "6"]
[White "Borgaonkar, Akshay"]
[Black "Xue, Haowen"]
[Result "0-1"]
[WhiteTitle "FM"]
[BlackTitle "GM"]
[WhiteElo "2453"]
[BlackElo "2518"]
[WhiteFideId "25639110"]
[BlackFideId "8625492"]
[EventDate "2025.06.10"]

1. e4 Nf6 2. Nc3 e5 3. Nf3 Nc6 4. d4 exd4 5. Nxd4 Bb4 6. Nxc6 bxc6 7. Bd3 O-O 8.
O-O d5 9. Bd2 Rb8 10. Re1 Re8 11. exd5 cxd5 12. Rxe8+ Qxe8 13. a3 Bd6 14. Nb5
Rxb5 15. Bxb5 Qxb5 16. Qe1 Be6 17. Bb4 c5 18. Bd2 Qxb2 19. Bc3 Qxc2 20. Be5 Bxe5
21. Qxe5 h6 22. Qb8+ Kh7 23. Qxa7 d4 24. Qa5 d3 25. Qe1 d2 26. Qd1 Bb3 0-1

[Event "Titled Tue 10th Jun Early"]
[Site "chess.com INT"]
[Date "2025.06.10"]
[Round "6"]
[White "Rabin, Evan"]
[Black "Chyzy, Jakub"]
[Result "0-1"]
[BlackTitle "FM"]
[WhiteElo "1945"]
[BlackElo "2330"]
[WhiteFideId "2028670"]
[BlackFideId "21806209"]
[EventDate "2025.06.10"]

1. e4 Nf6 2. e5 Nd5 3. d4 d6 4. c4 Nb6 5. exd6 exd6 6. Nc3 Be7 7. Bd3 O-O 8.
Nge2 Nc6 9. O-O Bf6 10. Be3 Re8 11. b3 Bg4 12. Qd2 d5 13. c5 Nc8 14. Rfe1 g6 15.
f3 Be6 16. Rad1 N8e7 17. a3 Qd7 18. b4 a6 19. Bg5 Bg7 20. Bc2 Nf5 21. g4 Nfxd4
22. Nxd4 Nxd4 23. Kg2 Bxg4 24. fxg4 Qxg4+ 25. Kh1 Rxe1+ 26. Rxe1 Nf3 0-1

[Event "Titled Tue 10th Jun Early"]
[Site "chess.com INT"]
[Date "2025.06.10"]
[Round "6"]
[White "Margl, Roland"]
[Black "Beniosev, Daniel"]
[Result "1-0"]
[WhiteTitle "FM"]
[BlackTitle "CM"]
[WhiteElo "2289"]
[BlackElo "1959"]
[WhiteFideId "773719"]
[BlackFideId "11632674"]
[EventDate "2025.06.10"]

1. d4 Nf6 2. c4 e6 3. Nc3 c5 4. d5 exd5 5. cxd5 d6 6. e4 g6 7. Be3 Bg7 8. Be2
O-O 9. Nf3 Re8 10. Nd2 Nbd7 11. O-O b6 12. Re1 Rb8 13. a4 Rf8 14. f4 Ne8 15. Qc2
a6 16. Nc4 Bb7 17. Bf3 Ba8 18. Bf2 b5 19. axb5 axb5 20. Na5 b4 21. Nb1 Qf6 22.
e5 dxe5 23. Nc6 Rc8 24. fxe5 Qg5 25. h4 1-0

[Event "Titled Tue 10th Jun Early"]
[Site "chess.com INT"]
[Date "2025.06.10"]
[Round "6"]
[White "Becking, Stephan"]
[Black "Negrean, Andrei"]
[Result "0-1"]
[WhiteTitle "IM"]
[BlackTitle "FM"]
[WhiteElo "2410"]
[BlackElo "2352"]
[WhiteFideId "4632478"]
[BlackFideId "1291513"]
[EventDate "2025.06.10"]

1. d4 Nf6 2. Nf3 g6 3. Bg5 Bg7 4. Nbd2 d5 5. c3 O-O 6. e3 b6 7. Bd3 c5 8. Qe2
Bb7 9. O-O Nbd7 10. Ba6 Qc8 11. Bxb7 Qxb7 12. Bxf6 Nxf6 13. Rfe1 e6 14. Rad1
Rac8 15. h3 b5 16. dxc5 Rxc5 17. e4 dxe4 18. Nxe4 Nxe4 19. Qxe4 Qxe4 20. Rxe4 a5
21. Rd7 h6 22. g4 Rb8 23. Rf4 f5 24. Nd4 e5 25. Rxg7+ Kxg7 26. Ne6+ Kf7 27. Nxc5
exf4 0-1

[Event "Titled Tue 10th Jun Early"]
[Site "chess.com INT"]
[Date "2025.06.10"]
[Round "6"]
[White "Sanhueza, Cristian"]
[Black "Li, Hui"]
[Result "1-0"]
[WhiteTitle "FM"]
[BlackTitle "CM"]
[WhiteElo "2213"]
[BlackElo "2041"]
[WhiteFideId "116815"]
[BlackFideId "15400310"]
[EventDate "2025.06.10"]

1. e4 e5 2. Nf3 Nf6 3. Nxe5 d6 4. Nf3 Nxe4 5. d4 d5 6. Bd3 Be7 7. O-O Nc6 8. Re1
Bg4 9. c4 Nf6 10. cxd5 Bxf3 11. Qxf3 Qxd5 12. Qg3 O-O-O 13. Nc3 Qd6 14. Bf4 Qxd4
15. Bf5+ Kb8 16. Bxc7+ Ka8 17. Bxd8 Rxd8 18. Nb5 1-0

[Event "Titled Tue 10th Jun Early"]
[Site "chess.com INT"]
[Date "2025.06.10"]
[Round "6"]
[White "Ivashentseva, Dominika"]
[Black "Pajcin, Lav"]
[Result "0-1"]
[WhiteTitle "WCM"]
[BlackTitle "FM"]
[WhiteElo "1969"]
[BlackElo "2281"]
[WhiteFideId "34331050"]
[BlackFideId "966746"]
[EventDate "2025.06.10"]

1. d4 Nf6 2. c4 e6 3. Nc3 Bb4 4. Qc2 O-O 5. a3 Bxc3+ 6. Qxc3 d5 7. Bg5 dxc4 8.
Qxc4 h6 9. Bxf6 Qxf6 10. Nf3 b6 11. Qxc7 Ba6 12. e3 Rc8 13. Qe5 Bxf1 14. Rxf1
Qg6 15. Ke2 Nd7 16. Qd6 Nf6 17. Nd2 Rc2 18. Qg3 Rxd2+ 19. Kxd2 Ne4+ 20. Ke2
Nxg3+ 21. hxg3 Rc8 22. Kf3 Rc2 23. Rac1 Qf5# 0-1

[Event "Titled Tue 10th Jun Early"]
[Site "chess.com INT"]
[Date "2025.06.10"]
[Round "6"]
[White "Paltrinieri, Nicholas"]
[Black "Gutierrez Olivares, Daniel"]
[Result "1-0"]
[WhiteTitle "FM"]
[BlackTitle "FM"]
[WhiteElo "2359"]
[BlackElo "2354"]
[WhiteFideId "828262"]
[BlackFideId "2264005"]
[EventDate "2025.06.10"]

1. d4 e6 2. Bf4 Nf6 3. e3 c5 4. Nc3 a6 5. Nf3 cxd4 6. exd4 b5 7. Be2 Bb7 8. O-O
Bb4 9. Nb1 O-O 10. c3 Be7 11. Nbd2 d6 12. Re1 Re8 13. a4 bxa4 14. Rxa4 Nbd7 15.
Nc4 Nf8 16. Qa1 Ng6 17. Bg3 Nd5 18. Ne3 Ndf4 19. Bxa6 Bxf3 20. gxf3 Qd7 21. Bb5
Qb7 22. Bxe8 Rxe8 23. d5 Nxd5 24. Ra7 Qc6 25. Qa4 1-0

[Event "Titled Tue 10th Jun Early"]
[Site "chess.com INT"]
[Date "2025.06.10"]
[Round "6"]
[White "Sanal, Vahap"]
[Black "Gales, Randi-Ioan"]
[Result "1-0"]
[WhiteTitle "GM"]
[BlackTitle "CM"]
[WhiteElo "2564"]
[BlackElo "2243"]
[WhiteFideId "6300545"]
[BlackFideId "1285360"]
[EventDate "2025.06.10"]

1. e4 c5 2. Nf3 Nc6 3. Bb5 g5 4. Nxg5 Nf6 5. Nc3 Rg8 6. Nf3 Rxg2 7. Bf1 Rg8 8.
d3 d6 9. Be3 Bg4 10. Be2 e5 11. Nd2 Qd7 12. Nc4 Be7 13. Bxg4 Nxg4 14. Qf3 Nxe3
15. fxe3 Bh4+ 16. Ke2 O-O-O 17. Rhg1 Qe6 18. Raf1 f6 19. Qf5 Qxf5 20. Nxd6+ Rxd6
21. Rxg8+ Kd7 22. exf5 a6 23. Ne4 Rd5 24. c4 1-0

[Event "Titled Tue 10th Jun Early"]
[Site "chess.com INT"]
[Date "2025.06.10"]
[Round "6"]
[White "Wagh, Suyog"]
[Black "Chiang, Jacob"]
[Result "1-0"]
[WhiteTitle "FM"]
[WhiteElo "2319"]
[BlackElo "2006"]
[WhiteFideId "25071688"]
[BlackFideId "30962331"]
[EventDate "2025.06.10"]

1. d4 Nf6 2. c4 e6 3. Nf3 c5 4. d5 exd5 5. cxd5 d6 6. Nc3 g6 7. Bf4 Bg7 8. e3
O-O 9. Be2 Na6 10. Bxa6 bxa6 11. O-O Re8 12. Rc1 Rb8 13. b3 a5 14. h3 Ba6 15.
Re1 Qd7 16. Nd2 Nh5 17. Bh2 f5 18. Qc2 Nf6 19. Na4 Rb4 20. Nb2 Nxd5 21. Ndc4
Bxb2 22. Nxb2 Nb6 23. Red1 Re6 24. a3 Rbe4 25. Qd2 Qb5 26. Bxd6 Qxb3 27. Bxc5
Nc4 28. Nxc4 Bxc4 29. Rb1 Qa4 30. Rb7 Qc6 31. Qd7 Qxd7 32. Rdxd7 Rc6 33. Rg7+ 1-0

[Event "Titled Tue 10th Jun Early"]
[Site "chess.com INT"]
[Date "2025.06.10"]
[Round "6"]
[White "Serra Canals, Oriol"]
[Black "Diachek, Andrii"]
[Result "1-0"]
[WhiteTitle "CM"]
[BlackTitle "CM"]
[WhiteElo "2116"]
[BlackElo "2177"]
[WhiteFideId "22276084"]
[BlackFideId "34106499"]
[EventDate "2025.06.10"]

1. d4 d5 2. Nf3 e6 3. Bf4 c5 4. e3 Nf6 5. Nbd2 Qb6 6. dxc5 Qxb2 7. Rb1 Qc3 8.
Bb5+ Nc6 9. O-O Qxc5 10. c4 dxc4 11. Nxc4 Nd5 12. Nfe5 Nxf4 13. exf4 f6 14. Nd3
Qd5 15. Qa4 a6 16. Nb6 Qd8 17. Bxc6+ bxc6 18. Qxc6+ Kf7 19. Qxa8 1-0

[Event "Titled Tue 10th Jun Early"]
[Site "chess.com INT"]
[Date "2025.06.10"]
[Round "6"]
[White "Erigaisi, Arjun"]
[Black "Klimkowski, Jan"]
[Result "1-0"]
[WhiteTitle "GM"]
[BlackTitle "GM"]
[WhiteElo "2782"]
[BlackElo "2508"]
[WhiteFideId "35009192"]
[BlackFideId "21856222"]
[EventDate "2025.06.10"]

1. Nf3 d5 2. c4 d4 3. e3 Nc6 4. b4 dxe3 5. fxe3 Nxb4 6. Nc3 e6 7. d4 Nf6 8. Rb1
c5 9. a3 Na6 10. Bd3 Bd6 11. O-O O-O 12. Qc2 h6 13. Bb2 b6 14. Rbd1 Bb7 15. Nb5
cxd4 16. Bxd4 Bxf3 17. Rxf3 e5 18. Bb2 e4 19. Bxf6 exd3 20. Rxd3 gxf6 21. Rxd6
Qe7 22. Rdxf6 Kg7 23. Qf5 1-0

[Event "Titled Tue 10th Jun Early"]
[Site "chess.com INT"]
[Date "2025.06.10"]
[Round "6"]
[White "Salimova, Asal"]
[Black "Sahetchian, Armand"]
[Result "0-1"]
[WhiteTitle "WCM"]
[BlackTitle "CM"]
[WhiteElo "2063"]
[BlackElo "2024"]
[WhiteFideId "14204940"]
[BlackFideId "607150"]
[EventDate "2025.06.10"]

1. c4 Nf6 2. g3 e6 3. Bg2 d5 4. d4 c5 5. dxc5 Bxc5 6. Nf3 O-O 7. O-O dxc4 8. Qc2
Qc7 9. Nbd2 b5 10. Ng5 Bb7 11. e4 g6 12. Qc3 Nbd7 13. Kh1 h6 14. Nh3 Qe5 15. Qc2
Qc7 16. a4 a6 17. f4 Ng4 18. e5 Ne3 0-1

[Event "Titled Tue 10th Jun Early"]
[Site "chess.com INT"]
[Date "2025.06.10"]
[Round "6"]
[White "Jonnalagadda, Vishnusankar"]
[Black "Petersson, Kjell"]
[Result "1-0"]
[BlackTitle "CM"]
[WhiteElo "2047"]
[BlackElo "2068"]
[WhiteFideId "39900100"]
[BlackFideId "1705148"]
[EventDate "2025.06.10"]

1. e4 c5 2. Nf3 d6 3. d4 cxd4 4. Nxd4 Nf6 5. Nc3 g6 6. f3 Bg7 7. Be3 Nc6 8. Qd2
O-O 9. O-O-O Nd7 10. h4 Nf6 11. h5 Nxh5 12. Bc4 Nxd4 13. Bxd4 Bxd4 14. Qxd4 Qb6
15. Qd2 e5 16. Qh6 Qc7 17. Rxh5 gxh5 18. Nd5 Qd8 19. Nf6+ Qxf6 20. Qxf6 1-0

[Event "Titled Tue 10th Jun Early"]
[Site "chess.com INT"]
[Date "2025.06.10"]
[Round "6"]
[White "Tarnowska, Aleksandra"]
[Black "Bagheri, Maziar"]
[Result "0-1"]
[WhiteTitle "WCM"]
[BlackTitle "FM"]
[WhiteElo "1882"]
[BlackElo "2287"]
[WhiteFideId "1180967"]
[BlackFideId "12530913"]
[EventDate "2025.06.10"]

1. e4 c5 2. Nf3 d6 3. Bb5+ Nd7 4. O-O a6 5. Bxd7+ Bxd7 6. d4 cxd4 7. Nxd4 Nf6 8.
Re1 g6 9. Nd2 Bg7 10. N2f3 Rc8 11. c3 O-O 12. h3 b5 13. Bg5 Qb6 14. e5 dxe5 15.
Nxe5 Rfd8 16. Qb3 Be8 17. a4 b4 18. a5 Qb8 19. Qd1 bxc3 20. bxc3 Rxc3 21. Ndf3
Rxd1 0-1

[Event "Titled Tue 10th Jun Early"]
[Site "chess.com INT"]
[Date "2025.06.10"]
[Round "6"]
[White "Iniyan, Pa"]
[Black "Zhauynbay Aldiyar"]
[Result "0-1"]
[WhiteTitle "GM"]
[BlackTitle "FM"]
[WhiteElo "2573"]
[BlackElo "2233"]
[WhiteFideId "25002767"]
[BlackFideId "13780646"]
[EventDate "2025.06.10"]

1. c4 Nf6 2. Nf3 c5 3. g3 b6 4. Bg2 Bb7 5. O-O e6 6. d4 cxd4 7. Nxd4 Bxg2 8.
Kxg2 Qc8 9. b3 Be7 10. Bb2 O-O 11. Nc3 a6 12. Rc1 d6 13. Qd2 Qb7+ 14. f3 Nbd7
15. Rfd1 Rfc8 16. Qe3 Bf8 17. a4 Rc7 18. Kf2 Rac8 19. g4 Ne5 20. Qd2 Nfd7 21. g5
Nc5 22. Qc2 g6 23. f4 Ng4+ 24. Kg3 Ne3 25. Qd2 Qg2+ 0-1

[Event "Titled Tue 10th Jun Early"]
[Site "chess.com INT"]
[Date "2025.06.10"]
[Round "6"]
[White "Kozak, Antoni"]
[Black "Looi, Xin Hao"]
[Result "1-0"]
[BlackTitle "CM"]
[WhiteElo "2426"]
[BlackElo "2009"]
[WhiteFideId "21832030"]
[BlackFideId "5702828"]
[EventDate "2025.06.10"]

1. e4 e6 2. d4 d5 3. Nd2 c5 4. Ngf3 cxd4 5. Nxd4 Nc6 6. Bb5 Bd7 7. Nxc6 bxc6 8.
Bd3 Bd6 9. O-O Qc7 10. Nf3 Nf6 11. Qe2 dxe4 12. Bxe4 Nxe4 13. Qxe4 O-O 14. Rd1
Rfd8 15. Ng5 f5 16. Qc4 Bxh2+ 17. Kh1 Be8 18. Be3 Bf7 19. Qh4 Be5 20. Qxh7+ Kf8
21. Bc5+ Bd6 22. Rxd6 Rxd6 23. Rd1 Rd8 24. Qh8+ Ke7 25. Qxg7 1-0

[Event "Titled Tue 10th Jun Early"]
[Site "chess.com INT"]
[Date "2025.06.10"]
[Round "6"]
[White "Martinez Ramirez, Lennis"]
[Black "Kilic, Eray"]
[Result "0-1"]
[WhiteTitle "IM"]
[BlackTitle "IM"]
[WhiteElo "2442"]
[BlackElo "2474"]
[WhiteFideId "3509079"]
[BlackFideId "44517173"]
[EventDate "2025.06.10"]

1. Nf3 Nf6 2. c4 g6 3. Nc3 Bg7 4. e4 e5 5. d4 exd4 6. Nxd4 O-O 7. Be2 Re8 8. f3
c6 9. O-O d5 10. exd5 cxd5 11. c5 Nc6 12. Nxc6 bxc6 13. Bf4 d4 14. Na4 Nd5 15.
Bd2 Bf5 16. Ba6 Rb8 17. Re1 Ne3 18. Bxe3 dxe3 19. Qxd8 Rexd8 20. Rad1 Rxd1 21.
Rxd1 Bc2 22. Nc3 Bxd1 23. Nxd1 Rd8 24. Be2 Rd2 25. Kf1 Bd4 26. b4 Rxa2 27. Bd3
Rd2 0-1

[Event "Titled Tue 10th Jun Early"]
[Site "chess.com INT"]
[Date "2025.06.10"]
[Round "6"]
[White "Sindarov, Islombek"]
[Black "Henriquez Villagra, Cristobal"]
[Result "0-1"]
[WhiteTitle "CM"]
[BlackTitle "GM"]
[WhiteElo "2129"]
[BlackElo "2597"]
[WhiteFideId "14205475"]
[BlackFideId "3409350"]
[EventDate "2025.06.10"]

1. Nf3 d6 2. g3 e5 3. Bg2 f5 4. d3 Nf6 5. O-O Be7 6. c4 a5 7. Nc3 O-O 8. b3 c6
9. Bb2 h6 10. e4 Na6 11. exf5 Bxf5 12. d4 e4 13. Nh4 Bh7 14. d5 Nc5 15. dxc6
bxc6 16. Bh3 Nd3 17. Bc1 d5 18. Na4 Qd6 19. Nf5 Bxf5 20. Bxf5 Qe5 0-1

[Event "Titled Tue 10th Jun Early"]
[Site "chess.com INT"]
[Date "2025.06.10"]
[Round "6"]
[White "Kotyk, Michael"]
[Black "Ambartsumova, Karina"]
[Result "0-1"]
[WhiteTitle "CM"]
[BlackTitle "IM"]
[WhiteElo "2241"]
[BlackElo "2403"]
[WhiteFideId "16214501"]
[BlackFideId "4166299"]
[EventDate "2025.06.10"]

1. d4 Nf6 2. c4 e6 3. Nf3 d5 4. Nc3 Bb4 5. Bd2 dxc4 6. e3 Bxc3 7. Bxc3 b5 8. a4
c6 9. Ne5 O-O 10. Be2 Bb7 11. O-O Nbd7 12. axb5 cxb5 13. Ba5 Qc8 14. b3 Nxe5 15.
dxe5 Nd5 16. bxc4 bxc4 17. Qd4 Qc6 18. Qxc4 Nf4 19. Qxc6 Nxe2+ 20. Kh1 Bxc6 21.
Ra2 Bb5 22. Re1 Rfc8 23. Rb2 a6 24. Rbxe2 Bxe2 25. Rxe2 Rc1+ 26. Be1 Rb8 27. Kg1
Rbb1 28. Kf1 a5 0-1